[Event "Paris-ch op"]
[Site "Paris"]
[Date "1992.??.??"]
[Round "8"]
[White "Renaze, Luc"]
[Black "Van Doeland, Julius"]
[Result "1-0"]
[WhiteElo "2240"]
[BlackElo "2295"]
[PlyCount "121"]
[EventDate "1992.04.??"]
[EventType "swiss"]
[EventRounds "9"]
[EventCountry "FRA"]
[SourceTitle "EXT 1997"]
[Source "ChessBase"]
[SourceDate "1996.11.15"]
[SourceVersion "1"]
[SourceVersionDate "1996.11.15"]
[SourceQuality "1"]

1. d4 Nf6 2. c4 e6 3. Nf3 b6 4. g3 Ba6 5. Qc2 Bb7 6. Bg2 c5 7. 0-0 Nc6 8. dxc5 Bxc5 9. a3 0-0 10. Nc3 Be7 11. Rd1 a6 12. b3 h6 13. e4 Rc8 14. Qd3 d6 15. Bf4 e5 16. Be3 Nb8 17. Bh3 Nbd7 18. Nd2 Qc7 19. Rdc1 Rcd8 20. b4 Qb8 21. f3 Rfe8 22. Rc2 Bc8 23. Bf1 Nf8 24. Nd5 Nxd5 25. cxd5 Nd7 26. Nc4 Bg5 27. Bf2 h5 28. h4 Bh6 29. Kh2 g6 30. Bh3 Rf8 31. a4 f5 32. exf5 a5 33. bxa5 Nc5 34. Bxc5 bxc5 35. Rb2 Qa8 36. fxg6 Bxh3 37. Kxh3 e4 38. fxe4 Bg7 39. e5 dxe5 40. Qe4 Qxd5 41. Qxd5+ Rxd5 42. Rd2 Rxd2 43. Nxd2 e4 44. Re1 Bc3 45. Re2 Bxd2 46. Rxd2 Re8 47. g4 c4 48. a6 Kg7 49. gxh5 c3 50. Rd7+ Kf6 51. Rf7+ Ke6 52. Rc7 Kf5 53. Rxc3 e3 54. a7 e2 55. a8Q Rxa8 56. Re3 Rxa4 57. Rxe2 Ra3+ 58. Kh2 Kg4 59. Rg2+ Kxh4 60. g7 Rh3+ 61. Kg1 1-0